|
|
|
|
| LEADER |
01394nam a2200361 i 4500 |
| 001 |
33834 |
| 003 |
BD-DhAAL |
| 005 |
20211124115128.0 |
| 008 |
180930t2018 nyu b 001 0 eng |
| 999 |
|
|
|c 40059
|d 40059
|
| 010 |
|
|
|a 2017017469
|
| 020 |
|
|
|a 9781138283626 (pbk. : alk. paper)
|
| 020 |
|
|
|a 9781138283619 (hardback : alk. paper)
|
| 020 |
|
|
|z 9781315270142 (ebook)
|
| 040 |
|
|
|a DLC
|b eng
|c DLC
|e rda
|d DLC
|d BD-DhAAL
|
| 042 |
|
|
|a pcc
|
| 050 |
0 |
0 |
|a HQ76.5
|b .H46 2018
|
| 082 |
0 |
0 |
|a 305.90664
|2 23
|
| 100 |
1 |
|
|a Hennessy, Rosemary.
|9 28375
|
| 245 |
1 |
0 |
|a Profit and pleasure :
|b sexual identities in late capitalism /
|c Rosemary Hennessy.
|
| 250 |
|
|
|a Second edition.
|
| 260 |
|
|
|a New York :
|b Routledge, Taylor & Francis Group,
|c c2018.
|
| 300 |
|
|
|a xxxv, 265 pages ;
|c 23 cm.
|
| 500 |
|
|
|a Revised edition of the author's Profit and pleasure, 2000.
|
| 504 |
|
|
|a Includes bibliographical references (pages 247-262) and index.
|
| 526 |
|
|
|a ENH
|
| 541 |
|
|
|a Trim Education
|e 33834
|
| 650 |
|
0 |
|a Gay liberation movement
|x History.
|9 28376
|
| 650 |
|
0 |
|a Gender identity
|x History.
|9 28377
|
| 650 |
|
0 |
|a English language
|9 43041
|
| 852 |
|
|
|a Ayesha Abed Library
|c General Stacks
|
| 942 |
|
|
|2 ddc
|c BK
|
| 952 |
|
|
|0 0
|1 0
|2 ddc
|4 0
|6 305_906640000000000_HEN
|7 0
|9 64423
|a BRACUL
|b BRACUL
|c GEN
|d 2018-09-24
|e Trim Education
|g 2545.00
|l 0
|o 305.90664 HEN
|p 3010033834
|r 2018-09-24
|t 1
|v 2545.00
|w 2018-09-24
|y BK
|